| 000 | 00614nam a2200217 a 4500 | ||
|---|---|---|---|
| 005 | 20210219152847.0 | ||
| 008 | 991125n 000 0 eng u | ||
| 035 | _aUPN01000063679 | ||
| 100 | 1 | _aPoston, William K | |
| 222 | _aPHI DELTA KAPPAN | ||
| 245 | _aAlternative compensation programs for teachers : rolling boulders up the mountain of reform | ||
| 300 | _a317-319 | ||
| 362 | 0 | _a1991 Vol. 73, no. 4 | |
| 653 | 0 | _aCARRERAS UNIVERSITARIAS | |
| 653 | 0 | _aDESEMPEÑO ACADEMICO | |
| 653 | 0 | _aESTIMULOS | |
| 700 | 1 | _aFrase, Larry E., | |
| 700 | 1 | _ecoaut. | |
| 904 |
_aAC _b001490 |
||
| 905 | _aArticulo | ||
| 999 |
_c62270 _d62270 |
||